| 000 | 00410 a2200169 4500 | ||
|---|---|---|---|
| 005 | 20251104130147.0 | ||
| 008 | 251104b |||||||| |||| 00| 0 eng d | ||
| 020 | _a9788496424821 | ||
| 082 | _a712/LAM | ||
| 100 |
_aLam G Ed. _9214794 |
||
| 245 | _aLandscape Design UK | ||
| 250 | _a3rd Ed. | ||
| 260 |
_bLinks International _c2007 _aHong Kong |
||
| 300 |
_a270p _bHB |
||
| 500 | _aLandscape | ||
| 942 | _cRF | ||
| 999 |
_c369064 _d369064 |
||